Name which team this MLB player is on #1 - Statistics

General Stats
  • This quiz has been taken 41 times
  • The average score is 27 of 30
Answer Stats
Player Team % Correct
Mike Trout Los Angeles Angels
100%
Jose Altuve Houston Astros
97%
Bobby Witt Jr. Kansas City Royals
97%
Christian Yelich Milwaukee Brewers
97%
Francisco Lindor New York Mets
97%
Juan Soto New York Mets
97%
Bryce Harper Philadelphia Phillies
97%
Paul Skenes Pittsburgh Pirates
97%
Fernando Tatis Jr. San Diego Padres
97%
Jose Ramirez Cleveland Guardians
93%
Tarik Skubal Detroit Tigers
93%
Yoshinobu Yamamoto Los Angeles Dodgers
93%
Kyle Tucker Los Angeles Dodgers
93%
Byron Buxton Minnesota Twins
93%
Shohei Ohtani Los Angeles Dodgers
90%
Aaron Judge New York Yankees
90%
Cal Raleigh Seattle Mariners
90%
Corey Seager Texas Rangers
90%
Ronald Acuna Jr. Atlanta Braves
86%
Pete Alonso Baltimore Orioles
86%
Cody Bellinger New York Yankees
86%
Julio Rodriguez Seattle Mariners
86%
Jarren Duran Boston Red Sox
83%
Alex Bregman Chicago Cubs
83%
Willy Adames San Francisco Giants
83%
Logan Webb San Francisco Giants
83%
Framber Valdez Detroit Tigers
79%
Freddy Peralta New York Mets
79%
Mason Miller San Diego Padres
79%
Nick Kurtz A's
72%
No matching quizzes found
Score Distribution
Percent of People with Each Score
Percentile by Number Answered
Your Score History
You have not taken this quiz